|
|
|
|
| LEADER |
02094nam a22004695i 4500 |
| 001 |
978-1-84882-994-7 |
| 003 |
DE-He213 |
| 005 |
20150402154838.0 |
| 007 |
cr nn 008mamaa |
| 008 |
110118s2011 xxk| s |||| 0|eng d |
| 020 |
|
|
|a 9781848829947
|9 978-1-84882-994-7
|
| 024 |
7 |
|
|a 10.1007/978-1-84882-994-7
|2 doi
|
| 040 |
|
|
|d GrThAP
|
| 050 |
|
4 |
|a RC346-429.2
|
| 072 |
|
7 |
|a MJN
|2 bicssc
|
| 072 |
|
7 |
|a MED056000
|2 bisacsh
|
| 082 |
0 |
4 |
|a 616.8
|2 23
|
| 100 |
1 |
|
|a Larner, Andrew J.
|e author.
|
| 245 |
1 |
0 |
|a A-Z of Neurological Practice
|h [electronic resource] :
|b A Guide to Clinical Neurology /
|c by Andrew J. Larner, Alasdair J. Coles, Neil J. Scolding, Roger A. Barker.
|
| 250 |
|
|
|a Second Edition.
|
| 264 |
|
1 |
|a London :
|b Springer London :
|b Imprint: Springer,
|c 2011.
|
| 300 |
|
|
|a V, 814p.
|b online resource.
|
| 336 |
|
|
|a text
|b txt
|2 rdacontent
|
| 337 |
|
|
|a computer
|b c
|2 rdamedia
|
| 338 |
|
|
|a online resource
|b cr
|2 rdacarrier
|
| 347 |
|
|
|a text file
|b PDF
|2 rda
|
| 520 |
|
|
|a The Second Edition of A-Z of Neurological Practice builds on the previous edition with revised and updated information in a high density but easily accessible format to provide a quick and ready reference for busy clinicians of all degrees of experience. Entries for specific neurological conditions are uniformly structured indicating: Pathophysiology; Clinical Features; Investigations and Diagnosis; Differential Diagnosis; Treatment and Prognosis. Key references are cited throughout and all entries are cross referenced.
|
| 650 |
|
0 |
|a Medicine.
|
| 650 |
|
0 |
|a Emergency medicine.
|
| 650 |
|
0 |
|a Neurology.
|
| 650 |
1 |
4 |
|a Medicine & Public Health.
|
| 650 |
2 |
4 |
|a Neurology.
|
| 650 |
2 |
4 |
|a Emergency Medicine.
|
| 700 |
1 |
|
|a Coles, Alasdair J.
|e author.
|
| 700 |
1 |
|
|a Scolding, Neil J.
|e author.
|
| 700 |
1 |
|
|a Barker, Roger A.
|e author.
|
| 710 |
2 |
|
|a SpringerLink (Online service)
|
| 773 |
0 |
|
|t Springer eBooks
|
| 776 |
0 |
8 |
|i Printed edition:
|z 9781848829930
|
| 856 |
4 |
0 |
|u http://dx.doi.org/10.1007/978-1-84882-994-7
|z Full Text via HEAL-Link
|
| 912 |
|
|
|a ZDB-2-SME
|
| 950 |
|
|
|a Medicine (Springer-11650)
|